000 00335 a2200157 4500
001 69763
020 _a8585885661
040 _cAnchieta - Itaigara
100 _aHeck, Egon
240 1 0 _aAmérica do Norte
_lpor
245 1 0 _aAmérica do Norte
300 _a12
362 0 _a0
650 4 _aLiteratura infanto-juvenil
942 _cBK
999 _c69763
_d69763